000 00455nam a2200181Ia 4500
001 23196
005 20260414150921.0
008 260414t2011||||xx |||||||||||||| ||spa||
041 _aESP
082 _a625.8
_bH52
100 _aHiguera Sandoval, Carlos Hernando
_eAUT
245 0 _aMecánica de pavimentos :
_bPrincipios básicos
260 _c2011
300 _a292 páginas :
_c27 cm.
650 _a0
654 _aCIC
942 _cLIB
_dJUS
_fJUS
_2ddc
_n
999 _c23196
_d23196